| 000 | 00644nam a2200229Ia 4500 | ||
|---|---|---|---|
| 003 | BUBTL | ||
| 008 | 151213s9999 xx 000 0 und d | ||
| 020 | _a0072397853 | ||
| 082 | _a658.1511/ G1934m/ 2001 | ||
| 100 | _aGarrison, Ray H. | ||
| 245 |
_aManagerial accounting : _cRay H. Garrison, Eric W. Noreen |
||
| 250 | _a9th | ||
| 260 |
_aBoston _bIrwin _cc2001 |
||
| 300 |
_a[xxxv], 923p . : _bill, Graph ; 28cm . |
||
| 500 | _aIncludes Index . | ||
| 650 | _aAccounting | ||
| 700 |
_aGarrison, Ray H. _927 |
||
| 700 |
_aNoreen, Eric W. _928 |
||
| 856 |
_k0 _l0 _yDownload |
||
| 942 |
_2ddc _cBK |
||
| 999 |
_c931 _d931 |
||